The civil service of Malaysia: towards excellence through ISO 9000 (improvements and developments in the civil service of Malaysia 1996) (Record no. 483845)

000 -LEADER
fixed length control field 00536cam a22001337a 4500
008 - FIXED-LENGTH DATA ELEMENTS--GENERAL INFORMATION
fixed length control field 180718b1997 xxu||||| |||| 00| 0 eng d
020 ## - INTERNATIONAL STANDARD BOOK NUMBER
International Standard Book Number 9839827057
082 ## - DEWEY DECIMAL CLASSIFICATION NUMBER
Classification number K12x595 C499t
245 ## - TITLE STATEMENT
Title The civil service of Malaysia: towards excellence through ISO 9000 (improvements and developments in the civil service of Malaysia 1996)
260 ## - PUBLICATION, DISTRIBUTION, ETC.
Place of publication, distribution, etc. Kuala Lumpur
Name of publisher, distributor, etc. Malaysian Administrative Modernisation and Management Planning Unit
Date of publication, distribution, etc. 1997
300 ## - PHYSICAL DESCRIPTION
Extent 225+p.
650 ## - SUBJECT ADDED ENTRY--TOPICAL TERM
Topical term or geographic name entry element Public administration - Malaysia
650 ## - SUBJECT ADDED ENTRY--TOPICAL TERM
Topical term or geographic name entry element Civil service - Malaysia
Holdings
Withdrawn status Lost status Damaged status Not for loan Permanent Location Current Location Date acquired Full call number Barcode Date last seen Price effective from Koha item type
        Indian Institute of Public Administration Indian Institute of Public Administration 2018-08-04 K12x595 C499t GR15991 2018-08-04 2018-08-04 GR
        Indian Institute of Public Administration Indian Institute of Public Administration 2018-08-04 K12x595 C499t GR15673 2018-08-04 2018-08-04 GR

Powered by Koha